[Event "OP-2021-0-05140"]
[Site "LSS email"]
[Date "2021.05.18"]
[Round "?"]
[White "Mostowik, Pawel"]
[Black "Ederer, Karel"]
[Result "1/2-1/2"]
[WhiteElo "1899"]
[BlackElo "1993"]
[PlyCount "33"]
[EventDate "2021.05.09"]
[EventType "tourn (corr)"]
[EventRounds "4"]
[EventCountry "GER"]
[SourceTitle "Corr 2024"]
[Source "ChessBase"]
[SourceDate "2023.10.19"]
[SourceVersion "1"]
[SourceVersionDate "2023.10.19"]
[SourceQuality "1"]

1. e4 c5 2. Nf3 Nc6 3. Nc3 d6 4. d4 cxd4 5. Nxd4 e5 6. Nb3 Be7 7. Be3 Nf6 8. Be2 0-0 9. 0-0 Be6 10. Bf3 Na5 11. Nxa5 Qxa5 12. Qd2 Rfc8 13. a4 h6 14. Rfb1 a6 15. h3 Rab8 16. Be2 Kf8 17. Qd3 1/2-1/2

[Event "SB-2021-0-00614"]
[Site "LSS email"]
[Date "2021.05.16"]
[Round "?"]
[White "Ederer, Karel"]
[Black "Herzog, Mathias"]
[Result "1/2-1/2"]
[WhiteElo "1988"]
[BlackElo "1816"]
[PlyCount "85"]
[EventDate "2021.02.28"]
[EventType "tourn (corr)"]
[EventRounds "6"]
[EventCountry "GER"]
[SourceTitle "Corr 2024"]
[Source "ChessBase"]
[SourceDate "2023.10.19"]
[SourceVersion "1"]
[SourceVersionDate "2023.10.19"]
[SourceQuality "1"]

1. e4 e5 2. Nf3 Nc6 3. Bb5 a6 4. Ba4 Nf6 5. 0-0 Be7 6. Re1 b5 7. Bb3 0-0 8. c3 d5 9. exd5 Nxd5 10. Nxe5 Nxe5 11. Rxe5 c6 12. d4 Bd6 13. Re1 Qh4 14. g3 Qh3 15. Qd3 Bg4 16. Be3 Rae8 17. Nd2 Re6 18. a4 f5 19. axb5 axb5 20. Qf1 Qh5 21. f4 Rfe8 22. Bxd5 cxd5 23. Qxb5 Rxe3 24. Rxe3 Rxe3 25. Qxd5+ Qf7 26. Qxd6 h6 27. Qc6 Qe7 28. Qc5 Qe8 29. Qd5+ Kh7 30. Nf1 Bh3 31. g4 Bxg4 32. Ra8 Qe7 33. Qc5 Qe4 34. Qe5 Qxe5 35. dxe5 Re1 36. Kg2 Re2+ 37. Kg3 g5 38. h3 Bh5 39. Rd8 Rxb2 40. Rd2 Rb3 41. Rc2 Rb1 42. Ne3 Rg1+ 43. Kf2 1/2-1/2

[Event "LSS SA-2021-0-00757"]
[Site "LSS email"]
[Date "2021.05.03"]
[Round "?"]
[White "Elski, Marek"]
[Black "Ederer, Karel"]
[Result "1/2-1/2"]
[WhiteElo "2129"]
[BlackElo "2003"]
[PlyCount "104"]
[EventDate "2021.03.19"]
[EventType "tourn (corr)"]
[EventRounds "6"]
[EventCountry "GER"]
[SourceTitle "Corr 2024"]
[Source "ChessBase"]
[SourceDate "2023.10.19"]
[SourceVersion "1"]
[SourceVersionDate "2023.10.19"]
[SourceQuality "1"]

1. e4 c5 2. Nf3 Nc6 3. d4 cxd4 4. Nxd4 Nf6 5. Nc3 e5 6. Ndb5 d6 7. Bg5 a6 8. Na3 b5 9. Nd5 Be7 10. Bxf6 Bxf6 11. c3 0-0 12. Nc2 Bg5 13. a4 bxa4 14. Rxa4 Kh8 15. Nce3 Ne7 16. Bd3 Bb7 17. 0-0 Nxd5 18. Nxd5 a5 19. Bc4 g6 20. Qe2 f5 21. exf5 Rxf5 22. Rfa1 Bc6 23. R4a2 a4 24. b4 axb3 25. Bxb3 Rxa2 26. Rxa2 Rf8 27. g3 Qd7 28. Bc4 Qc8 29. Qd3 Qg4 30. Ra6 Qc8 31. h4 Bxh4 32. Rxc6 Qxc6 33. gxh4 Qd7 34. Ne3 Qd8 35. Ng2 Qb6 36. Qd2 Rf3 37. Bd5 Qb1+ 38. Kh2 Qd3 39. Qxd3 Rxd3 40. c4 Rd4 41. Kh3 Kg7 42. Ne1 Rd1 43. Nf3 h6 44. Nh2 Rd4 45. Nf1 Rd3+ 46. Kg2 Kf6 47. Ng3 h5 48. Kf1 Rb3 49. Ke2 Ra3 50. Be4 Ra4 51. Bd5 Ra3 52. Kf1 Rb3 1/2-1/2

[Event "LSS SA-2021-0-00757"]
[Site "LSS email"]
[Date "2021.05.03"]
[Round "?"]
[White "Lombart, Philippe"]
[Black "Ederer, Karel"]
[Result "1/2-1/2"]
[WhiteElo "2108"]
[BlackElo "2003"]
[PlyCount "99"]
[EventDate "2021.03.19"]
[EventType "tourn (corr)"]
[EventRounds "6"]
[EventCountry "GER"]
[SourceTitle "Corr 2024"]
[Source "ChessBase"]
[SourceDate "2023.10.19"]
[SourceVersion "1"]
[SourceVersionDate "2023.10.19"]
[SourceQuality "1"]

1. d4 d5 2. c4 e6 3. Nc3 Nf6 4. Bg5 Be7 5. e3 0-0 6. Nf3 h6 7. Bh4 b6 8. Bd3 Bb7 9. 0-0 Nbd7 10. Qe2 c5 11. Bg3 Ne4 12. cxd5 exd5 13. Bf4 cxd4 14. exd4 Re8 15. Qd1 g5 16. Bg3 f5 17. Ne5 f4 18. Bxf4 gxf4 19. Qg4+ Bg5 20. Qxd7 Qxd7 21. Nxd7 Nxc3 22. bxc3 Rac8 23. Rac1 f3 24. Rc2 Bc6 25. Ne5 Ba4 26. Rb2 Rxc3 27. Bb5 Bxb5 28. Rxb5 fxg2 29. Kxg2 Rd8 30. f4 Bf6 31. a4 Bxe5 32. fxe5 Rc4 33. Rb3 Rxd4 34. Rg3+ Kh8 35. Rf6 Rh4 36. e6 Re8 37. Kf3 Rxh2 38. Kf4 Rh5 39. Rg2 a6 40. Rg4 b5 41. a5 b4 42. Rg3 d4 43. Ke4 b3 44. Rxb3 Rxa5 45. Rb7 d3 46. Rxh6+ Kg8 47. Rg6+ Kh8 48. Rh6+ Kg8 49. Rg6+ Kh8 50. Rh6+ 1/2-1/2

[Event "OP-2021-0-05130"]
[Site "LSS email"]
[Date "2021.04.19"]
[Round "?"]
[White "Ederer, Karel"]
[Black "Oliveira, Luiz"]
[Result "1-0"]
[WhiteElo "2014"]
[BlackElo "1593"]
[PlyCount "113"]
[EventDate "2021.04.07"]
[EventType "tourn (corr)"]
[EventRounds "4"]
[EventCountry "GER"]
[SourceTitle "Corr 2024"]
[Source "ChessBase"]
[SourceDate "2023.10.19"]
[SourceVersion "1"]
[SourceVersionDate "2023.10.19"]
[SourceQuality "1"]

1. e4 c5 2. Nf3 d6 3. d4 cxd4 4. Nxd4 Nf6 5. Nc3 a6 6. h3 e6 7. g4 d5 8. exd5 Nxd5 9. Nde2 Bb4 10. Bg2 0-0 11. 0-0 Bxc3 12. Nxc3 Nxc3 13. bxc3 Qc7 14. Rb1 Qxc3 15. Bb2 Qc7 16. Qd4 f6 17. Rfd1 Nc6 18. Qd6 Rf7 19. f4 h6 20. Be4 Qxd6 21. Rxd6 Rc7 22. Rbd1 Kf7 23. Ba3 Ra7 24. Bc5 Ra8 25. Bb6 Re7 26. g5 hxg5 27. fxg5 f5 28. Bxf5 Ne5 29. Be4 Bd7 30. g6+ Kg8 31. Bxb7 Rb8 32. Bxa6 Be8 33. c4 Nxg6 34. c5 Ne5 35. Rd8 Rxd8 36. Rxd8 Kf7 37. Kf2 Bc6 38. Ke3 Rd7 39. h4 Ke7 40. Kf4 Kf6 41. Rxd7 Nxd7 42. Bc4 g6 43. Bb3 e5+ 44. Kg4 Kg7 45. a4 Nf6+ 46. Kh3 e4 47. a5 e3 48. Bc4 Ne4 49. a6 Kf6 50. a7 Ba8 51. Kg4 Ke5 52. Bf1 Nc3 53. Bc7+ Kd4 54. Ba5 Nd5 55. Kg5 Ke5 56. Bd3 Ne7 57. Bxg6 1-0